000
00209 a2200097 4500
001
8515
100
_a
Jones,G.
245
_a
Youth,family & citizenship
260
_a
_b
Open Unviersity
_c
090
_c
6847
_d
6847
942
_a
NUST-CAE
_c
M
_c
33430
999
_c
243588
_d
243588